000 00697cab a2200217 4500
001 WB3135-18
008 090401t1995 xxu||||| |||| 00| 0 eng d
035 _a(Sirsi) u70389
041 _aeng
245 _aHousing cash up for grabs
260 _c1995
350 _a0
490 _aIndependent
_vSection 2, 20 September 1995, 15(1)
520 _aProposals puplished by the DoE in `More Choice in the Social Rented Sector` will enable private companies to compete with housing associations for Housing Corporation grants.
650 _aHOUSING ASSOCIATIONS
650 _aHOUSING CORPORATION
650 _aSOCIAL RENTED SECTOR
690 _aHOUSING
942 _n0
948 _c04/03/1997
999 _c44260
_d44260